[Event "GER-ch Seniors 23rd"]
[Site "Halle"]
[Date "2011.08.11"]
[Round "7"]
[White "Luda, Michael"]
[Black "Flockerzi, Armin"]
[Result "0-1"]
[WhiteElo "1767"]
[BlackElo "1898"]
[PlyCount "72"]
[EventDate "2011.08.05"]
[EventType "swiss"]
[EventRounds "9"]
[EventCountry "GER"]
[SourceTitle "CBM 144 Extra"]
[Source "ChessBase"]
[SourceDate "2011.10.28"]
[SourceVersion "1"]
[SourceVersionDate "2011.10.28"]
[SourceQuality "1"]

1. e4 c6 2. d4 d5 3. exd5 Qxd5 4. h3 Nf6 5. Nf3 g6 6. c4 Qa5+ 7. Nc3 Bg7 8. Bd3 Nbd7 9. Rb1 0-0 10. b4 Qc7 11. Be3 e6 12. Qc1 e5 13. 0-0 Re8 14. Nxe5 Nxe5 15. dxe5 Qxe5 16. Re1 Bf5 17. Bxf5 Qxf5 18. a4 b6 19. Re2 Ne4 20. Nxe4 Qxe4 21. Qc2 Bd4 22. Qb3 Bg7 23. Qc2 Rad8 24. c5 bxc5 25. bxc5 Bd4 26. Qxe4 Rxe4 27. Kf1 Bxe3 28. Rxe3 Rxa4 29. Ke2 Ra2+ 30. Kf3 Rdd2 31. g4 Rxf2+ 32. Ke4 Rfc2 33. Ke5 Rxc5+ 34. Kd6 Rcc2 35. Rb7 Rd2+ 36. Kc7 Re2 0-1

[Event "Leipzig VfB op 16th"]
[Site "Leipzig"]
[Date "2009.04.04"]
[Round "7"]
[White "Luda, Michael"]
[Black "Eichhorn, Mike"]
[Result "1-0"]
[WhiteElo "1692"]
[BlackElo "1186"]
[PlyCount "45"]
[EventDate "2009.03.31"]
[EventType "swiss"]
[EventRounds "9"]
[EventCountry "GER"]
[SourceTitle "EXT 2010"]
[Source "ChessBase"]
[SourceDate "2010.11.25"]
[SourceVersion "1"]
[SourceVersionDate "2010.11.25"]
[SourceQuality "1"]

1. e4 e5 2. d4 exd4 3. c3 dxc3 4. Bc4 cxb2 5. Bxb2 d6 6. Nc3 Nf6 7. Qc2 Nc6 8. Nf3 Be6 9. Bd5 Bxd5 10. exd5 Ne7 11. Qb3 Qc8 12. 0-0 c6 13. Rac1 Qd7 14. dxc6 Nxc6 15. Nd5 Nxd5 16. Qxd5 f6 17. Rfe1+ Be7 18. Bd4 Nxd4 19. Nxd4 Rc8 20. Ne6 Rxc1 21. Rxc1 Bd8 22. Re1 Qc6 23. Nd4+ 1-0

[Event "Sachsen-ch Seniors op 17th"]
[Site "Dresden"]
[Date "2009.02.16"]
[Round "8"]
[White "Roos, Hans Goerg"]
[Black "Luda, Michael"]
[Result "1-0"]
[WhiteElo "1798"]
[BlackElo "1463"]
[PlyCount "66"]
[EventDate "2009.02.09"]
[EventType "swiss"]
[EventRounds "9"]
[EventCountry "GER"]
[SourceTitle "EXT 2022"]
[Source "ChessBase"]
[SourceDate "2021.10.06"]
[SourceVersion "1"]
[SourceVersionDate "2021.10.06"]
[SourceQuality "1"]

1. Nf3 Nf6 2. g3 d5 3. Bg2 Bf5 4. 0-0 e6 5. d3 Be7 6. Nbd2 c6 7. Re1 0-0 8. e4 dxe4 9. dxe4 Bg6 10. Qe2 Qa5 11. h3 Qa6 12. Nh4 Qxe2 13. Rxe2 Nbd7 14. Nc4 Rac8 15. Bf4 Nh5 16. Nxg6 hxg6 17. Bd6 Bxd6 18. Nxd6 Rc7 19. e5 g5 20. Rd1 a5 21. c4 Nc5 22. a3 f5 23. b4 axb4 24. axb4 Na6 25. Rb1 g6 26. Re3 Ng7 27. Ra3 Rb8 28. b5 cxb5 29. Rxb5 Rc5 30. Bxb7 Rxb5 31. cxb5 Nc7 32. b6 Nd5 33. Bxd5 exd5 1-0

[Event "Sachsen-ch Seniors op 17th"]
[Site "Dresden"]
[Date "2009.02.09"]
[Round "1"]
[White "Bussler, Juergen"]
[Black "Luda, Michael"]
[Result "1/2-1/2"]
[WhiteElo "1839"]
[BlackElo "1463"]
[PlyCount "55"]
[EventDate "2009.02.09"]
[EventType "swiss"]
[EventRounds "9"]
[EventCountry "GER"]
[SourceTitle "EXT 2022"]
[Source "ChessBase"]
[SourceDate "2021.10.06"]
[SourceVersion "1"]
[SourceVersionDate "2021.10.06"]
[SourceQuality "1"]

1. d4 Nf6 2. Nf3 g6 3. c4 d6 4. Nc3 Bg7 5. Bg5 0-0 6. Qd2 Bf5 7. Bh6 b6 8. Bxg7 Kxg7 9. e3 Ne4 10. Nxe4 Bxe4 11. Ng5 Bb7 12. Qc3 Nd7 13. d5+ Kg8 14. h4 Nf6 15. Bd3 Qd7 16. f3 c6 17. dxc6 Bxc6 18. h5 b5 19. hxg6 hxg6 20. cxb5 Bxb5 21. Ne4 Kg7 22. Kf2 Bxd3 23. Rh7+ Kxh7 24. Nxf6+ exf6 25. Qxf6 Qf5 26. Rh1+ Qh5 27. Rxh5+ gxh5 28. e4 1/2-1/2

[Event "GER-ch Seniors-B 20th"]
[Site "Erfurt"]
[Date "2008.08.11"]
[Round "7"]
[White "Luda, Michael"]
[Black "Aufmwasser, Guenter"]
[Result "0-1"]
[WhiteElo "1497"]
[BlackElo "1632"]
[PlyCount "78"]
[EventDate "2008.08.05"]
[EventType "swiss"]
[EventRounds "9"]
[EventCountry "GER"]
[SourceTitle "CBM 126 Extra"]
[Source "ChessBase"]
[SourceDate "2008.11.05"]
[SourceVersion "1"]
[SourceVersionDate "2008.11.05"]
[SourceQuality "1"]

1. e4 c5 2. Nf3 Nc6 3. d4 cxd4 4. Nxd4 e5 5. Nb5 a6 6. Nd6+ Bxd6 7. Qxd6 Qe7 8. Qd1 d6 9. Nc3 Be6 10. Be3 Nf6 11. Be2 0-0 12. Qd2 b5 13. a3 Rfd8 14. Bg5 Nd4 15. Bxf6 Qxf6 16. Bd3 Rac8 17. Ne2 Nxe2 18. Qxe2 d5 19. a4 dxe4 20. Qxe4 Rxd3 21. cxd3 Bf5 22. Qe3 Rd8 23. Rc1 Bxd3 24. axb5 axb5 25. h4 e4 26. Qg5 Qb6 27. b4 Bc4 28. Qe3 Qd6 29. Qc3 f5 30. Ra1 f4 31. Rg1 g6 32. g4 f3 33. Rg3 Be2 34. Qb3+ Kf8 35. Rxf3+ exf3 36. Qf7+ Kxf7 37. Ra7+ Rd7 38. Rxd7+ Qxd7 39. g5 Qd1# 0-1

[Event "GER-ch Seniors-B 20th"]
[Site "Erfurt"]
[Date "2008.08.06"]
[Round "2"]
[White "Luebbers, Doris"]
[Black "Luda, Michael"]
[Result "1/2-1/2"]
[WhiteElo "1324"]
[BlackElo "1497"]
[PlyCount "120"]
[EventDate "2008.08.05"]
[EventType "swiss"]
[EventRounds "9"]
[EventCountry "GER"]
[SourceTitle "CBM 126 Extra"]
[Source "ChessBase"]
[SourceDate "2008.11.05"]
[SourceVersion "1"]
[SourceVersionDate "2008.11.05"]
[SourceQuality "1"]

1. d4 d6 2. Nf3 Nf6 3. e3 g6 4. Be2 Bg7 5. 0-0 0-0 6. c4 e6 7. Nbd2 Nbd7 8. b3 c6 9. Bb2 Nb6 10. Qc2 d5 11. Rac1 Kh8 12. Qb1 Qe7 13. Ne5 Nbd7 14. Nxd7 Nxd7 15. cxd5 exd5 16. Rce1 f5 17. Nf3 Rf7 18. Qc1 Qd8 19. Ba3 Qf6 20. Rd1 b6 21. Rfe1 a5 22. Qc2 Bf8 23. Bxf8 Rxf8 24. Rc1 Bb7 25. Qb1 Ba6 26. Bxa6 Rxa6 27. Rc2 c5 28. Rd1 Rd8 29. Rcd2 c4 30. Rc2 b5 31. Rc3 b4 32. Rcc1 c3 33. Qd3 Rb6 34. Rc2 h6 35. h3 Kg7 36. Rf1 Re8 37. Kh2 Re7 38. g3 Kh8 39. Rg1 h5 40. Nh4 Rg7 41. Ng2 Re7 42. Nf4 Qf7 43. Rg2 Nf8 44. Rg1 g5 45. Ng2 Qf6 46. Rh1 Ng6 47. Kg1 a4 48. bxa4 Ra7 49. Qe2 h4 50. g4 Rxa4 51. f3 Ra7 52. Kh2 Re7 53. Qd3 f4 54. Rf1 fxe3 55. Re2 Nf4 56. Nxf4 Qxf4+ 57. Kh1 Rf6 58. Qb5 Qxd4 59. Qb8+ Kg7 60. Qh2 Qd3 1/2-1/2

[Event "Leipzig VfB op 14th"]
[Site "Leipzig"]
[Date "2007.03.25"]
[Round "9"]
[White "Luda, Michael"]
[Black "Ditz, Roland"]
[Result "1-0"]
[WhiteElo "1541"]
[BlackElo "1828"]
[PlyCount "67"]
[EventDate "2007.03.20"]
[EventType "swiss"]
[EventRounds "9"]
[EventCountry "GER"]
[SourceTitle "EXT 2008"]
[Source "ChessBase"]
[SourceDate "2007.11.25"]
[SourceVersion "1"]
[SourceVersionDate "2007.11.25"]
[SourceQuality "1"]

1. e4 c5 2. Nf3 Nc6 3. d4 cxd4 4. Nxd4 Nf6 5. Nc3 g6 6. Be3 Bg7 7. f3 0-0 8. Qd2 Re8 9. 0-0-0 a6 10. g4 d6 11. h4 Qa5 12. Nb3 Qc7 13. Kb1 b5 14. Nd5 Nxd5 15. exd5 Ne5 16. Qg2 Nc4 17. Bc1 f5 18. gxf5 Bxf5 19. Nd4 Bxd4 20. Rxd4 Ne5 21. f4 Rac8 22. Rd2 Nc4 23. Rf2 Qc5 24. h5 Ne3 25. Bxe3 Qxe3 26. a3 Be4 27. Rh3 Rxc2 28. Rxe3 Rxf2+ 29. Rxe4 Rxg2 30. Bxg2 gxh5 31. Bh3 Kf7 32. Kc2 Rg8 33. Re3 h4 34. Be6+ 1-0

[Event "Leipzig VfB op 14th"]
[Site "Leipzig"]
[Date "2007.03.21"]
[Round "3"]
[White "Luda, Michael"]
[Black "Baer, Soeren"]
[Result "0-1"]
[WhiteElo "1541"]
[BlackElo "2121"]
[PlyCount "40"]
[EventDate "2007.03.20"]
[EventType "swiss"]
[EventRounds "9"]
[EventCountry "GER"]
[SourceTitle "EXT 2008"]
[Source "ChessBase"]
[SourceDate "2007.11.25"]
[SourceVersion "1"]
[SourceVersionDate "2007.11.25"]
[SourceQuality "1"]

1. e4 c5 2. Nf3 g6 3. d4 cxd4 4. Nxd4 Nc6 5. Be3 Nf6 6. Bd3 Bg7 7. c3 d5 8. exd5 Nxd5 9. Nxc6 bxc6 10. Bc5 0-0 11. 0-0 Qc7 12. Qf3 Rb8 13. Ba3 Rd8 14. Rd1 Be6 15. Nd2 Qd7 16. h3 Nxc3 17. bxc3 Qxd3 18. Ne4 Qxf3 19. Rxd8+ Rxd8 20. gxf3 Re8 0-1

[Event "Leipzig VfB op 14th"]
[Site "Leipzig"]
[Date "2007.03.21"]
[Round "2"]
[White "Luda, Michael"]
[Black "Nosek, Reinhard"]
[Result "0-1"]
[WhiteElo "1541"]
[BlackElo "1915"]
[PlyCount "56"]
[EventDate "2007.03.20"]
[EventType "swiss"]
[EventRounds "9"]
[EventCountry "GER"]
[SourceTitle "EXT 2008"]
[Source "ChessBase"]
[SourceDate "2007.11.25"]
[SourceVersion "1"]
[SourceVersionDate "2007.11.25"]
[SourceQuality "1"]

1. e4 c5 2. Nf3 Nc6 3. d4 cxd4 4. Nxd4 Nf6 5. Nc3 g6 6. f4 d6 7. Nf3 Bg7 8. Bd3 Qb6 9. Ne2 Ng4 10. Rf1 Be6 11. c3 0-0 12. h3 Nf6 13. f5 gxf5 14. exf5 Bd7 15. Qb3 Qc5 16. g4 a5 17. Qc4 Qa7 18. g5 d5 19. Qh4 Ne4 20. Bxe4 dxe4 21. Qxe4 Qc5 22. Nfd4 Nxd4 23. Nxd4 Ra6 24. Be3 Qc4 25. Kf2 e5 26. fxe6 Rxe6 27. Qxb7 Bxd4 28. Bxd4 Bc6 0-1

[Event "Leipzig VfB op 11th"]
[Site "Leipzig"]
[Date "2004.03.21"]
[Round "9"]
[White "Hasenclever, Leonard"]
[Black "Luda, Michael"]
[Result "1-0"]
[WhiteElo "1280"]
[BlackElo "1512"]
[PlyCount "83"]
[EventDate "2004.03.16"]
[EventType "swiss"]
[EventRounds "9"]
[EventCountry "GER"]
[SourceTitle "EXT 2007"]
[Source "ChessBase"]
[SourceDate "2006.11.23"]
[SourceVersion "1"]
[SourceVersionDate "2006.11.23"]
[SourceQuality "1"]

1. e4 d5 2. exd5 Nf6 3. Nc3 Nxd5 4. Bc4 Nb6 5. Bb3 Nc6 6. Nf3 e5 7. d3 Bf5 8. 0-0 Qd7 9. a4 a6 10. a5 Nc8 11. Ba4 Bd6 12. Re1 f6 13. Nd4 0-0 14. Nxf5 Qxf5 15. Bxc6 bxc6 16. Ne4 Qg6 17. Qf3 Qe8 18. Bd2 Ne7 19. c4 c5 20. b4 cxb4 21. c5 f5 22. Nxd6 cxd6 23. cxd6 Ng6 24. Qd5+ Kh8 25. Bxb4 Qd7 26. g3 Rab8 27. Rab1 Rb5 28. Bc5 h5 29. d4 e4 30. Rxb5 axb5 31. a6 h4 32. a7 f4 33. Qh5+ Kg8 34. g4 Qe6 35. h3 e3 36. f3 Ra8 37. Qf5 Qxf5 38. gxf5 Nf8 39. Rb1 Nd7 40. Rxb5 Nxc5 41. Rb8+ Kf7 42. Rxa8 1-0

[Event "Leipzig VfB op 10th"]
[Site "Leipzig"]
[Date "2003.03.12"]
[Round "2"]
[White "Luda, Michael"]
[Black "Meyer, Thomas"]
[Result "1-0"]
[WhiteElo "1426"]
[BlackElo "1705"]
[PlyCount "69"]
[EventDate "2003.03.11"]
[EventType "swiss"]
[EventRounds "9"]
[EventCountry "GER"]
[SourceTitle "EXT 2008"]
[Source "ChessBase"]
[SourceDate "2007.11.25"]
[SourceVersion "1"]
[SourceVersionDate "2007.11.25"]
[SourceQuality "1"]

1. e4 c5 2. Nf3 Nc6 3. d4 cxd4 4. Nxd4 g6 5. Nc3 Bg7 6. Be3 Nf6 7. f3 Qa5 8. Qd2 0-0 9. 0-0-0 d6 10. g4 Nxd4 11. Bxd4 Be6 12. g5 Nd7 13. Bxg7 Kxg7 14. Kb1 Rfc8 15. Qd4+ Kg8 16. Nd5 Bxd5 17. exd5 Qc7 18. c3 Ne5 19. f4 Nc4 20. Bxc4 Qxc4 21. Rhe1 Qc7 22. h4 Qd7 23. Ka1 Rf8 24. h5 gxh5 25. Qe4 Rae8 26. Rh1 f6 27. g6 e6 28. Rxh5 Re7 29. Rg1 f5 30. dxe6 Qxe6 31. gxh7+ Kh8 32. Qd4+ Rf6 33. Rg8+ Qxg8 34. hxg8Q+ Kxg8 35. a3 1-0